SOME Malaysian timbers from Sarawak

Bibliographic Details
Corporate Author: Sarawak
Format: Book
Published: (Kuching) : Borneo Literature Bureau , 1975
Subjects:

MARC

LEADER 00000cam a2200000 7i4500
001 0000001466
005 20010630.0
090 0 0 |a 674.10959522   |b SOM 1975 
245 0 0 |a SOME Malaysian timbers from Sarawak   |c compiled by Forest Department Sarawak 
260 0 0 |a (Kuching) :   |b Borneo Literature Bureau ,   |c 1975 
300 |a xii, 92 p. :   |b col. ill. ;   |c 26 cm. 
500 0 0 |a Bibliography: p.92 
650 0 0 |a Forest products   |z Sarawak 
650 0 0 |a Timber   |z Sarawak 
650 0 0 |a Wood   |x Chemistry 
710 1 1 |a Sarawak ,   |c Jabatan Perhutanan 
998 |a JPSM 
999 |a 0000002464   |b Monograph   |c Open Shelf   |e Default branch 
999 |a 0000002465   |b Monograph   |c Reference   |e Default branch 
999 |a 0000003798   |b Monograph   |c Open Shelf   |e Default branch